<?xml version="1.0" encoding="UTF-8"?>
<record
    xmlns:xsi="http://www.w3.org/2001/XMLSchema-instance"
    xsi:schemaLocation="http://www.loc.gov/MARC21/slim http://www.loc.gov/standards/marcxml/schema/MARC21slim.xsd"
    xmlns="http://www.loc.gov/MARC21/slim">

  <leader>00778nam a2200181Ia 4500</leader>
  <controlfield tag="008">100921s9999    xx            000 0 und d</controlfield>
  <datafield tag="082" ind1=" " ind2=" ">
    <subfield code="b">33574</subfield>
    <subfield code="a">929.2 &#x928; 01</subfield>
  </datafield>
  <datafield tag="100" ind1=" " ind2=" ">
    <subfield code="a">&#x928;&#x947;&#x928;&#x947; &#x92E;&#x939;&#x93E;&#x926;&#x947;&#x935; &#x92A;&#x93E;&#x902;&#x921;&#x941;&#x930;&#x902;&#x917;,&#x938;&#x902;&#x92A;&#x93E;.</subfield>
  </datafield>
  <datafield tag="245" ind1=" " ind2=" ">
    <subfield code="a">&#x928;&#x947;&#x928;&#x947; &#x915;&#x941;&#x932;&#x935;&#x943;&#x924;&#x94D;&#x924;&#x93E;&#x902;&#x924; &#x92A;&#x941;&#x930;&#x935;&#x923;&#x940;-2001.</subfield>
  </datafield>
  <datafield tag="260" ind1=" " ind2=" ">
    <subfield code="b">&#x928;&#x947;&#x928;&#x947; &#x915;&#x941;&#x932;&#x935;&#x943;&#x924;&#x94D;&#x924;&#x93E;&#x902;&#x924;&#x94D;&#x924; &#x92A;&#x941;&#x930;&#x935;&#x923;&#x940; &#x938;&#x92E;&#x93F;&#x924;&#x940;.</subfield>
    <subfield code="c">2001</subfield>
  </datafield>
  <datafield tag="300" ind1=" " ind2=" ">
    <subfield code="a">320</subfield>
    <subfield code="b">---</subfield>
  </datafield>
  <datafield tag="365" ind1=" " ind2=" ">
    <subfield code="b">300</subfield>
  </datafield>
  <datafield tag="520" ind1=" " ind2=" ">
    <subfield code="a">&#x907;&#x924;&#x93F;&#x939;&#x93E;&#x938;-&#x918;&#x930;&#x93E;&#x923;&#x940;.</subfield>
  </datafield>
  <datafield tag="630" ind1=" " ind2=" ">
    <subfield code="a">&#x928;&#x947;&#x928;&#x947; &#x915;&#x941;&#x932;&#x935;&#x943;&#x924;&#x94D;&#x924;&#x93E;&#x902;&#x924; &#x92A;&#x941;&#x930;&#x935;&#x923;&#x940;-2001.</subfield>
  </datafield>
  <datafield tag="650" ind1=" " ind2=" ">
    <subfield code="a">&#x907;&#x924;&#x93F;&#x939;&#x93E;&#x938;-&#x918;&#x930;&#x93E;&#x923;&#x940;.</subfield>
  </datafield>
  <datafield tag="730" ind1=" " ind2=" ">
    <subfield code="a">&#x928;&#x947;&#x928;&#x947; &#x915;&#x941;&#x932;&#x935;&#x943;&#x924;&#x94D;&#x924;&#x93E;&#x902;&#x924; &#x92A;&#x941;&#x930;&#x935;&#x923;&#x940;-2001.</subfield>
  </datafield>
  <datafield tag="942" ind1=" " ind2=" ">
    <subfield code="c">BOOK</subfield>
  </datafield>
  <datafield tag="999" ind1=" " ind2=" ">
    <subfield code="c">782687</subfield>
    <subfield code="d">782684</subfield>
  </datafield>
  <datafield tag="952" ind1=" " ind2=" ">
    <subfield code="0">0</subfield>
    <subfield code="1">0</subfield>
    <subfield code="4">0</subfield>
    <subfield code="7">1</subfield>
    <subfield code="a">WAITILAKGS</subfield>
    <subfield code="b">WAITILAKGS</subfield>
    <subfield code="c">929.2 &#x928; 01</subfield>
    <subfield code="d">0000-00-00</subfield>
    <subfield code="g">300.00</subfield>
    <subfield code="l">0</subfield>
    <subfield code="p">WAITILAKGS-33574</subfield>
    <subfield code="r">2010-09-21 00:00:00</subfield>
    <subfield code="w">2010-09-21</subfield>
    <subfield code="y">BOOK</subfield>
    <subfield code="z">&#x938;&#x902;&#x926;&#x930;&#x94D;&#x92D;</subfield>
  </datafield>
</record>
